00674nam a22002177a 450000500170000001000270001702000260004403500140007003500170008403700130010103700130011408200080012710000280013524500640016325000110022726000320023827000860027030000290035650000510038570000200043620180207112914.0 a1718EN-30 ENG-121889 a9789332579446c679.00 aEN-105421 aB-684202-207 bBSBadpl bDBAD/PUB a150 aCiccarelli, Saundra K.  aPsychology /cby Saundra K. Ciccarelli [and] J.Noland White a4th ed c2017aNoida bPearson India a15th Floor,, Tower-B, World Trade, Plot No.1, Block-C, Sector-16,bNoida e201301 c25cm(pbk)a784p. :bill. aIncludes bibliographical references and index aWhite, J.Noland